LEADER 01413nam a2200301 a 4500 001 000000122835 003 CaOOAMICUS 005 20100830165352.0 008 100830t2010 it u000 u ita r 020 $a978-88-430-5451-0 040 $aPUL$bita$dReb 082 04$a321.8 245 02$aL'essenza della democrazia :$bi diritti umani e il ruolo dell'avvocatura /$ccontributi di G. Alpa [et al.] ; a cura del Consiglio Nazionale Forense. 260 $aRoma :$bCarocci,$cİ2010. 300 $a214 p. ;$c22 cm. 490 1 $aStudi economici e sociali Carocci ;$v50 504 $aInclude riferimenti bibliografici ed indice. 650 4$aDemocrazia.$0(OLS)http://pul/subject/11947 650 4$aDiritti umani$xDiritto e legislazione.$0(OLS)http://pul/subject/18255 700 1 $aAlpa, Guido.$0(OLS)http://pul/name/5977 830 0$aStudi economici e sociali Carocci ;$v50.$0(OLS)http://pul/title/154838 850 $aPUL 852 $aPUL$W1$xSL Diritto e Scienze Sociali 3$y79$m321. 8 ALPGU 1$j141072$qDDC 21$B140159$CPULBib$Z2$F140159 $H114626 $82 941 1 $a9 996 $6020$a978-88-430-5451-0$9(OLS)http://pul/number/145251 996 $6082$a321.8$9(OLS)http://pul/classification/710 996 $6245$aL'essenza della democrazia :$bi diritti umani e il ruolo dell'avvocatura$9(OLS)http://pul/title/154837 996 $6260$aRoma :$bCarocci$9(OLS)http://pul/publisher/66917 LEADER 01323nam a2200301 u 4500 001 000000074972 003 CaOOAMICUS 005 20070226123041.0 008 021219s1992 gw u000 u ger u 020 $a3110132583 035 $a10949503 040 $aPUL$bita 100 1 $aMeyer-Blanck, Michael.$0(OLS)http://pul/name/49728 245 10$aWort und Antwort :$bGeschichte und Gestaltung der Konfirmation am Beispiel der Ev.-luth. Landeskirche Hannovers /$cMichael Meyer-Blanck. 260 $aBerlin :$bWalter de Gruyter,$c1992. 300 $a338 p. ;$c25 cm 490 1 $aArbeiten zur Praktischen Theologie ;$v2 500 $aContiene indice. 504 $aBibliografia in nota. 650 4$aTeologia.$0(OLS)http://pul/subject/118 830 0$aArbeiten zur Praktischen Theologie ;$v2.$0(OLS)http://pul/title/98331 850 $aPUL 852 $aPUL$W1$xSL Religione 1$y3$m52 K 2$j96579$nBK-PRI$b $qStampati$B96579$CPULBib$Z2$F96579 $H $81 941 1 $a8 961 $aINV: 87896 996 $6020$a3110132583$9(OLS)http://pul/number/97582 996 $6245$aWort und Antwort :$bGeschichte und Gestaltung der Konfirmation am Beispiel der Ev.-luth. Landeskirche Hannovers$9(OLS)http://pul/title/98334 996 $6260$aBerlin :$bWalter de Gruyter$9(OLS)http://pul/publisher/48231